Chainsaw Man Devil by Picture - Statistics

General Stats
  • This quiz has been taken 354 times
    350 since last reset
  • The average score is 20 of 28
Answer Stats
Picture Answer % Correct
Chainsaw Devil
99%
Tomato Devil
96%
Fox Devil
88%
Zombie Devil
88%
Bat Devil
87%
Katana Devil
86%
Angel Devil
84%
Shark Devil (Beam)
83%
Bomb Devil
82%
Future Devil
80%
Control Devil (Makima)
78%
Ghost Devil
77%
Gun Devil
74%
Snake Devil
74%
Spider Devil
72%
War Devil (Yoru)
71%
Blood Devil
70%
Eternity Devil
70%
Violence Devil
63%
Darkness Devil
61%
Leech Devil
61%
Famine Devil
58%
Doll Devil
55%
Sea Cucumber Devil
52%
Curse Devil
49%
Crossbow Devil (Quanxi)
44%
Hell Devil
43%
Justice Devil
40%
No matching quizzes found
Score Distribution
Percent of People with Each Score
Percentile by Number Answered
Your Score History
You have not taken this quiz since the last reset